Statistics for Chick fil a menu items

Click here to take the quiz!

General Stats

  • This quiz has been taken 149 times
  • The average score is 6 of 33

Answer Stats

numbersAnswer% Correct
3nuggets
68%
sidewaffle fries
57%
drinklemonade
41%
saladcobb
38%
6grilled nuggets
37%
1chick fil a sandwich
35%
sidefruit cup
34%
dessertcookie
30%
2spicy sandwich
30%
4chicken strips
26%
saladmarket
24%
saladside salad
22%
dessetice dream
21%
kids sideapple sauce
17%
5grilled sandwich
17%
saladspicy southwest
17%
sidechicken noodle soup
13%
8grilled wrap
12%
drinkiced tea
9%
sideparfait
9%
seasonalpeach milkshake
9%
seasonalpeppermint milkshake
9%
dessetmilkshakes
8%
9chicken salad sandwich
7%
7club sandwich
7%
drinkiced coffee
6%
seasonalchicken tortilla soup
5%
sidesuperfood side salad
5%
saucecheese sauce
2%
drinkfountain drinks
1%
dessertfrosted beverages
0%
otherkids meals
0%
othersoup and salad meal
0%

Score Distribution

Percentile by Number Answered

Percent of People with Each Score

Your Score History

You have not taken this quiz